| 000 | 00694nam a2200229Ia 4500 | ||
|---|---|---|---|
| 003 | OSt | ||
| 005 | 20230622145348.0 | ||
| 008 | 210423s2015 xx 000 0 und d | ||
| 020 | _a978-0-19-437239-8 | ||
| 040 | _cAL | ||
| 041 | _aeng | ||
| 082 |
_a401 _223 _bWIDO |
||
| 100 |
_aWIDDOWSON (H G) _9111772 |
||
| 245 | _aOxford introductions to language study: phonetics by Peter Roach | ||
| 260 |
_aNew York _bOxford University Press _c2015 |
||
| 300 |
_ax,116 _bPB |
||
| 365 |
_b345 _cINR |
||
| 440 |
_aOxford introductions to language study _9111773 |
||
| 650 |
_aLanguage _9111774 |
||
| 906 | _aintroductions ; language ; Oxford ; Peter ; phonetics ; Roach ; study: | ||
| 942 |
_2ddc _cBK |
||
| 999 |
_c167131 _d167131 |
||